Preferovaná délka rodičovské dovolené: Srovnání osmi evropských zemí
Dĺžka materskej a rodičovskej dovolenky v ČR v porovnaní so Slovenskom, Poľskom, Rakúskom, Nemeckom, Španielskom, Švédskom a Francúzskom. Rodinná politika a podoby rodičovskej dovolenky v týchto krajinách.
Uložené v:
| Hlavný autor: | |
|---|---|
| Ďalší autori: | |
| Médium: | Kapitola |
| Jazyk: | Czech |
| Predmet: | |
| Tagy: |
Žiadne tagy, Buďte prvý, kto otaguje tento záznam!
|
MARC
| LEADER | 00000naa a2200000 4500 | ||
|---|---|---|---|
| 001 | 0210515 | ||
| 005 | 20221019174706.6 | ||
| 041 | 0 | |a cze | |
| 044 | |a CZ | ||
| 245 | 1 | 0 | |a Preferovaná délka rodičovské dovolené: Srovnání osmi evropských zemí |c Dana Hamplová, Petra Šalamounová |
| 520 | |a Dĺžka materskej a rodičovskej dovolenky v ČR v porovnaní so Slovenskom, Poľskom, Rakúskom, Nemeckom, Španielskom, Švédskom a Francúzskom. Rodinná politika a podoby rodičovskej dovolenky v týchto krajinách. | ||
| 610 | 2 | 0 | |a politika rodinná |
| 610 | 2 | 0 | |a politika sociálna |
| 610 | 2 | 0 | |a informácie sociálno-ekonomické |
| 610 | 2 | 0 | |a starostlivosť o rodinu |
| 610 | 2 | 0 | |a dovolenka materská |
| 610 | 2 | 0 | |a starostlivosť o deti |
| 100 | 1 | |a Hamplová, Dana | |
| 700 | 1 | |a Šalamounová, Petra | |